Faculty of Law Library — Cairo University

Official Online Catalog

De Jure Naturae et Gentium Libri Octo. (Record no. 48254)

MARC details
000 -LEADER
fixed length control field 01618naa a2200337 i 4500
003 - CONTROL NUMBER IDENTIFIER
control field EG-GICUC
005 - DATE AND TIME OF LATEST TRANSACTION
control field 20260121101428.0
008 - FIXED-LENGTH DATA ELEMENTS--GENERAL INFORMATION
fixed length control field 251203s1934 us o|||fr|||| ||1 | lat d
040 ## - CATALOGING SOURCE
Original cataloging agency EG-GiCUC
Language of cataloging eng
Transcribing agency EG-GiCUC
Modifying agency EG-GiCUC
Description conventions rda
082 04 - DEWEY DECIMAL CLASSIFICATION NUMBER
Edition number 21
Classification number 341.762
Item number PU . E
092 04 - LOCALLY ASSIGNED DEWEY CALL NUMBER (OCLC)
Edition number 21
099 ## - LOCAL FREE-TEXT CALL NUMBER (OCLC)
Classification number Law1 11 341.762 PU . J 1934
100 1# - MAIN ENTRY--PERSONAL NAME
Personal name Pufendorf, Samuel,
Dates associated with a name 1632-1694,
Relator term Author.
245 10 - TITLE STATEMENT
Title De Jure Naturae et Gentium Libri Octo.
Number of part/section of a work Volume One,
Name of part/section of a work A Photographic Reproduction of the Edition of 1688 /
Statement of responsibility, etc. by Samuel Pufendorf ; with an Introduction by Walter Simons.
264 #3 - PRODUCTION, PUBLICATION, DISTRIBUTION, MANUFACTURE, AND COPYRIGHT NOTICE
Place of production, publication, distribution, manufacture New York :
Name of producer, publisher, distributor, manufacturer Oxford University Press,
Date of production, publication, distribution, manufacture, or copyright notice 1934.
264 #1 - PRODUCTION, PUBLICATION, DISTRIBUTION, MANUFACTURE, AND COPYRIGHT NOTICE
Place of production, publication, distribution, manufacture London :
Name of producer, publisher, distributor, manufacturer Humphrey Milford,
Date of production, publication, distribution, manufacture, or copyright notice 1934.
300 ## - PHYSICAL DESCRIPTION
Extent 66a , 1002 pages :
Other physical details Photogragh ;
Dimensions 24 cm.
336 ## - CONTENT TYPE
Source rda content
Content type term text
337 ## - MEDIA TYPE
Source rda media
Media type term Computer
338 ## - CARRIER TYPE
Source rda carrier
Carrier type term Online Resource
490 0# - SERIES STATEMENT
Series statement The classics of international law.
500 ## - GENERAL NOTE
General note text in Latin
504 ## - BIBLIOGRAPHY, ETC. NOTE
Bibliography, etc. note Bibliographic references
505 ## - FORMATTED CONTENTS NOTE
Formatted contents note VOL. 1. A Photographic Reproduction of the Edition of 1688, with an Introduction by Walter Simons, a List of Errata, the Text of the Quotations from Greek Authors, and a portrait of Pufendorf.<br/> VOL. II. A Translation of the Text, by C. H. and W. A. Oldfather, with a translation of the Introduction of Walter Simons, List of Classical Authors and Translations, and Indexes.
650 14 - SUBJECT ADDED ENTRY--TOPICAL TERM
Source of heading or term qrmak
General subdivision Public international law
Topical term or geographic name entry element Law of Nature
651 1# - SUBJECT ADDED ENTRY--GEOGRAPHIC NAME
Source of heading or term qrmak
700 ## - ADDED ENTRY--PERSONAL NAME
Personal name Simons, Walter,
Relator term Contributor
Dates associated with a name 1861-1937,
856 40 - ELECTRONIC LOCATION AND ACCESS
Uniform Resource Identifier <a href="https://fll.law.cu.edu.eg/fulltext/bks/B11-05270.pdf">https://fll.law.cu.edu.eg/fulltext/bks/B11-05270.pdf</a>
905 ## - Cataloger and Reviser Names
Cataloger Name: Rawan khaled
Revisor Name: Hassnaa
942 ## - ADDED ENTRY ELEMENTS (KOHA)
Source of classification or shelving scheme Dewey Decimal Classification
Suppress in OPAC No
Koha item type Books
Edition 21
Holdings
Withdrawn status Lost status Source of classification or shelving scheme Damaged status Not for loan Collection Home library Current library Date acquired Total checkouts Full call number Barcode Date last seen Copy number Price effective from Koha item type
    Dewey Decimal Classification   Not for loan القانون الدولي العام جــــامعة القــاهرة مكتبة كلية الحقوق - المبنى الرئيسي 03.12.2025   Law1 11 341.762 PU . J 1934 1105270 V1, C1 B11-05270 03.12.2025 1 03.12.2025 Books
    Dewey Decimal Classification     القانون الدولي العام جــــامعة القــاهرة مكتبة كلية الحقوق - المبنى الرئيسي 03.12.2025   Law1 11 341.762 PU . J 1934 1105414 V1, C2 B11-05414 03.12.2025 2 03.12.2025 Books

© All rights reserved — Faculty of Law, Cairo University